[Event "Plzen, FSB A"]
[Site "?"]
[Date "2004.??.??"]
[Round "7.20"]
[White "Kana, P."]
[Black "Tuma, J."]
[Result "0-1"]
[WhiteElo "2159"]
[BlackElo "2192"]
[PlyCount "80"]
[EventDate "2004.??.??"]
[Source "ChessBase"]
[SourceDate "1996.11.15"]

1. e4 e5 2. d4 exd4 3. c3 dxc3 4. Nxc3 d6 5. Nf3 Nc6 6. Bc4 Nf6 7. Ng5 Ne5 8.
Bb3 h6 9. f4 Bg4 10. Nf3 Nxf3+ 11. gxf3 Bh5 12. Be3 d5 13. e5 Ne4 14. Qxd5 Nxc3
15. bxc3 Ba3 16. Qxb7 O-O 17. Rd1 Qh4+ 18. Ke2 Qh3 19. Kf2 Be7 20. Rdg1 Rac8
21. Qe4 Rb8 22. Bc2 g6 23. Bb3 Kh7 24. Ke2 Bh4 25. Bf2 Rfd8 26. Bxh4 Qxh4 27.
Rg3 c5 28. e6 fxe6 29. Rhg1 Qf6 30. Bc2 Rb2 31. Kf1 Qf5 32. Qxf5 exf5 33. R1g2
Rxa2 34. Re2 Rd7 35. Kf2 Ra3 36. Rg1 Rxc3 37. Bd1 Rxf3+ 38. Kg2 Rxf4 39. Ba4
Bxe2 40. Bxd7 Rg4+ 0-1

[Event "Plzen, FSB A"]
[Site "?"]
[Date "2004.??.??"]
[Round "7.21"]
[White "Havlik, J."]
[Black "Bujak, M."]
[Result "1/2-1/2"]
[WhiteElo "2136"]
[BlackElo "2179"]
[PlyCount "38"]
[EventDate "2004.??.??"]
[Source "ChessBase"]
[SourceDate "1996.11.15"]

1. e4 e5 2. Nf3 Nc6 3. Bb5 f5 4. d3 fxe4 5. dxe4 Nf6 6. O-O Bc5 7. Qe2 d6 8.
Qc4 Bb6 9. Nc3 Bd7 10. Bg5 Qe7 11. Nd5 Qf7 12. Bxf6 gxf6 13. Nh4 Rf8 14. Nf5
O-O-O 15. Bxc6 bxc6 16. Qa6+ Kb8 17. Nxb6 axb6 18. Nxd6 cxd6 19. Qxb6+ Kc8
1/2-1/2

[Event "Plzen, FSB A"]
[Site "?"]
[Date "2004.??.??"]
[Round "7.22"]
[White "de Cauter, W."]
[Black "Pokrupa, M."]
[Result "1/2-1/2"]
[WhiteElo "2089"]
[BlackElo "2122"]
[PlyCount "76"]
[EventDate "2004.??.??"]
[Source "ChessBase"]
[SourceDate "1996.11.15"]

1. e4 c5 2. b3 Nc6 3. Bb2 d6 4. Bb5 Bd7 5. f4 Nf6 6. d3 e6 7. Nf3 Qb6 8. c4 Nd4
9. Bxd7+ Nxd7 10. O-O Be7 11. Nc3 Bf6 12. Kh1 Qc6 13. Qd2 O-O 14. Qf2 a6 15.
Rab1 b5 16. Ne2 Nxf3 17. Qxf3 Bxb2 18. Rxb2 Rab8 19. Rd2 Qb6 20. Ng3 Rbd8 21.
f5 d5 22. Nh5 exf5 23. exd5 g6 24. Qg3 Qb8 25. Nf4 Rfe8 26. Rdf2 Nf6 27. Rf3
Re7 28. Qh4 Qd6 29. Rh3 Rde8 30. b4 cxb4 31. c5 Qxc5 32. Qxf6 Re1 33. Rhf3 Qc1
34. Kg1 Rxf1+ 35. Rxf1 Re1 36. Qd8+ Kg7 37. Ne6+ fxe6 38. Qe7+ Kg8 1/2-1/2

[Event "Plzen, FSB A"]
[Site "?"]
[Date "2004.??.??"]
[Round "7.23"]
[White "Gross, S."]
[Black "Vachtfeidl, P."]
[Result "1/2-1/2"]
[WhiteElo "2294"]
[BlackElo "2060"]
[PlyCount "33"]
[EventDate "2004.??.??"]
[Source "ChessBase"]
[SourceDate "1996.11.15"]

1. Nf3 Nf6 2. c4 g6 3. Nc3 d5 4. cxd5 Nxd5 5. e4 Nxc3 6. dxc3 Qxd1+ 7. Kxd1 f6
8. Bc4 e5 9. Be3 Nd7 10. Nd2 Bc5 11. Bxc5 Nxc5 12. b4 Na4 13. Kc2 Ke7 14. Nb3
f5 15. Bb5 Nb6 16. exf5 Bxf5+ 17. Kb2 1/2-1/2

[Event "Plzen, FSB A"]
[Site "?"]
[Date "2004.??.??"]
[Round "7.24"]
[White "Snaidr, J."]
[Black "Franchini, G."]
[Result "0-1"]
[WhiteElo "2063"]
[BlackElo "2215"]
[PlyCount "74"]
[EventDate "2004.??.??"]
[Source "ChessBase"]
[SourceDate "1996.11.15"]

1. d4 Nf6 2. c4 c5 3. d5 b5 4. Qc2 bxc4 5. e4 d6 6. Bxc4 g6 7. Bd2 Bg7 8. Bc3
O-O 9. Nf3 a5 10. O-O Nbd7 11. Na3 Nb6 12. Be2 Bd7 13. Bb5 Qe8 14. Bxd7 Qxd7
15. Rad1 Rfb8 16. Nd2 Na4 17. Ndc4 Nxc3 18. bxc3 Qb7 19. f4 Nd7 20. e5 dxe5 21.
f5 Nf6 22. fxg6 fxg6 23. Qf2 Qc7 24. Qe2 Ne8 25. Qg4 Ra6 26. d6 exd6 27. Qe6+
Kh8 28. Rf7 d5 29. Qxd5 Qc6 30. Qxc6 Rxc6 31. Rdd7 e4 32. Nxa5 Re6 33. Kf1 e3
34. Rxg7 Nxg7 35. Nb3 e2+ 36. Ke1 Rf8 37. Nd2 Nf5 0-1

[Event "Plzen, FSB A"]
[Site "?"]
[Date "2004.??.??"]
[Round "7.25"]
[White "Spirek, A."]
[Black "Hodova, L."]
[Result "1/2-1/2"]
[WhiteElo "2049"]
[BlackElo "2112"]
[PlyCount "96"]
[EventDate "2004.??.??"]
[Source "ChessBase"]
[SourceDate "1996.11.15"]

1. e4 c5 2. Nf3 d6 3. d4 cxd4 4. Nxd4 Nf6 5. Nc3 a6 6. Be2 e5 7. Nb3 Be7 8. a4
Be6 9. Bf3 Nbd7 10. a5 Qc7 11. O-O O-O 12. Be3 b5 13. axb6 Nxb6 14. Bxb6 Qxb6
15. Nd5 Bxd5 16. exd5 e4 17. Re1 exf3 18. Rxe7 fxg2 19. Ra5 Rae8 20. Rxe8 Rxe8
21. Qd4 Qb7 22. Nd2 h5 23. c4 Re2 24. Qd3 Re1+ 25. Kxg2 Re5 26. Nf3 Re4 27. h3
h4 28. c5 dxc5 29. Rxa6 c4 30. Qa3 Qxd5 31. Qa5 Qxa5 32. Rxa5 Re2 33. Ng5 g6
34. Ra4 Nd5 35. Kf3 Rxb2 36. Rxc4 Rb3+ 37. Kg4 Rb2 38. Kf3 Rb3+ 39. Kg4 f6 40.
Rd4 Rb4 41. Rxb4 Nxb4 42. Nf3 Nd3 43. Nxh4 Nxf2+ 44. Kf3 Nxh3 45. Nxg6 Kf7 46.
Nf4 Ng5+ 47. Kg4 Ne4 48. Nh5 Nd6 1/2-1/2

[Event "Plzen, FSB A"]
[Site "?"]
[Date "2004.??.??"]
[Round "7.26"]
[White "Vrchotka, J."]
[Black "Kalista, K."]
[Result "1-0"]
[WhiteElo "2103"]
[BlackElo "2019"]
[PlyCount "91"]
[EventDate "2004.??.??"]
[Source "ChessBase"]
[SourceDate "1996.11.15"]

1. e4 e6 2. d4 d5 3. Nd2 Nf6 4. e5 Nfd7 5. f4 c5 6. c3 Nc6 7. Ndf3 Qa5 8. Kf2
Be7 9. g3 O-O 10. Bd3 f6 11. Kg2 cxd4 12. cxd4 Qb6 13. Ne2 Nb4 14. Bb1 a5 15.
a3 Nc6 16. b3 f5 17. h3 Qc7 18. g4 g6 19. Ra2 b6 20. Be3 Ba6 21. Ng3 Rac8 22.
h4 fxg4 23. Ng5 Bxg5 24. hxg5 Rf7 25. Qxg4 Nf8 26. Rc1 Qd8 27. Qd1 Rfc7 28. Nh1
Na7 29. a4 Nc6 30. Rac2 Nb4 31. Rxc7 Rxc7 32. Nf2 Qc8 33. Rxc7 Qxc7 34. Bd2 Nd7
35. Ng4 Qb7 36. Qe1 Nc6 37. Bc3 Ndb8 38. Nf6+ Kh8 39. Bxg6 Nd7 40. Nxh7 Kg8 41.
Nf6+ Kf8 42. Qh4 Ke7 43. Nxd7 Qxd7 44. Qh7+ Kf8 45. Qh8+ Ke7 46. Qf6# 1-0

[Event "Plzen, FSB A"]
[Site "?"]
[Date "2004.??.??"]
[Round "7.27"]
[White "Vrana, J."]
[Black "Cekan, P."]
[Result "1-0"]
[WhiteElo "2074"]
[BlackElo "1894"]
[PlyCount "75"]
[EventDate "2004.??.??"]
[Source "ChessBase"]
[SourceDate "1996.11.15"]

1. e4 e5 2. f4 exf4 3. Nf3 g5 4. h4 g4 5. Ne5 d6 6. Nxg4 Nc6 7. Bb5 Bd7 8. d4
h5 9. Nf2 Qf6 10. Bxc6 Bxc6 11. Nc3 Ne7 12. d5 Bd7 13. Qd3 Ng6 14. Nb5 Qd8 15.
Bd2 Bg7 16. O-O-O Be5 17. Nh3 a6 18. Nc3 Qf6 19. Rdf1 Bg4 20. g3 f3 21. Be1
O-O-O 22. Ng5 Qe7 23. Nxf3 f6 24. Ne2 Rde8 25. Nh2 f5 26. Nxg4 fxe4 27. Qe3
hxg4 28. Qa7 c6 29. dxc6 bxc6 30. Qa8+ Kd7 31. Qb7+ Ke6 32. Qxc6 Rb8 33. Qxe4
Kd7 34. Qxg6 Bxb2+ 35. Kd1 Qe5 36. Qxg4+ Kc6 37. Qc4+ Kb7 38. Rf7+ 1-0

[Event "Plzen, FSB A"]
[Site "?"]
[Date "2004.??.??"]
[Round "7.28"]
[White "Kudlacek, J."]
[Black "Kriz, L."]
[Result "0-1"]
[WhiteElo "2039"]
[BlackElo "2072"]
[PlyCount "62"]
[EventDate "2004.??.??"]
[Source "ChessBase"]
[SourceDate "1996.11.15"]

1. d4 d5 2. c4 Nc6 3. Nf3 Bg4 4. e3 e5 5. dxe5 d4 6. Be2 Bb4+ 7. Kf1 dxe3 8. a3
Qxd1+ 9. Bxd1 O-O-O 10. Be2 Bxf3 11. gxf3 Bd2 12. Kg2 Bxc1 13. Rxc1 Nd4 14. Nc3
Nb3 15. fxe3 Ne7 16. Ne4 g5 17. Kf2 h6 18. c5 Ng6 19. e6 Nxc1 20. Rxc1 fxe6 21.
c6 b6 22. Bc4 Ne5 23. Bxe6+ Kb8 24. Ke2 Rhf8 25. Bg4 a5 26. b4 axb4 27. axb4
Rd3 28. b5 Rb3 29. Nc3 Rb2+ 30. Kd1 Nxg4 31. fxg4 Rf1# 0-1

[Event "Plzen, FSB A"]
[Site "?"]
[Date "2004.??.??"]
[Round "7.29"]
[White "Kriz, D."]
[Black "Valickova, M."]
[Result "0-1"]
[WhiteElo "1732"]
[BlackElo "2063"]
[PlyCount "62"]
[EventDate "2004.??.??"]
[Source "ChessBase"]
[SourceDate "1996.11.15"]

1. e4 e5 2. Nf3 Nc6 3. Nc3 Nf6 4. Bb5 Bb4 5. O-O O-O 6. d3 d6 7. Bg5 Ne7 8.
Bxf6 gxf6 9. Nd5 Nxd5 10. exd5 Kh8 11. c3 Ba5 12. Qd2 Rg8 13. Kh1 f5 14. Rae1
a6 15. Ba4 b5 16. Bc2 Bd7 17. g3 c6 18. b4 Bb6 19. c4 cxd5 20. cxd5 Qf6 21. Bb3
Rg7 22. Rd1 f4 23. Nh4 Bg4 24. Rc1 Qxh4 25. f3 Bxf3+ 26. Rxf3 fxg3 27. Qg2 Rag8
28. h3 Rg6 29. Rc6 Bd4 30. Rxf7 Rh6 31. Rcc7 Qxh3+ 0-1

[Event "Plzen, FSB A"]
[Site "?"]
[Date "2004.??.??"]
[Round "7.31"]
[White "Kamenik, M."]
[Black "Koth, S."]
[Result "0-1"]
[WhiteElo "2057"]
[BlackElo "2190"]
[PlyCount "98"]
[EventDate "2004.??.??"]
[Source "ChessBase"]
[SourceDate "1996.11.15"]

1. e4 c5 2. f4 d5 3. exd5 Qxd5 4. Nc3 Qd8 5. Bc4 Nf6 6. Nf3 Nc6 7. O-O e6 8. a4
Be7 9. d3 O-O 10. Qe1 b6 11. Kh1 Nb4 12. Bb3 Bb7 13. Ne4 Nfd5 14. Bd2 a5 15.
Qg3 Bf6 16. Ne5 Bh4 17. Qh3 Re8 18. Ng5 Bxg5 19. fxg5 Rf8 20. Rae1 Qe7 21. c3
Na6 22. Ng4 Kh8 23. Bxd5 Bxd5 24. c4 Bb7 25. Qh5 Rad8 26. Bc3 Rd4 27. Re3 f5
28. g6 h6 29. Rxf5 Kg8 30. Rxf8+ Qxf8 31. Re1 Rf4 32. Ne3 Nb4 33. Bxb4 axb4 34.
Qe5 Rf6 35. Qh5 Rf2 36. Qe5 Bxg2+ 37. Kg1 Bh3 38. b3 Rf3 39. d4 cxd4 40. Qxd4
Qa8 41. Rd1 Rf8 42. Qd2 Qf3 43. Qe1 Qh5 44. Ng2 Qg4 45. Rd2 Qxg6 46. Re2 Rf3
47. Rf2 Rxb3 48. Qe2 e5 49. Rf3 Bg4 0-1

[Event "Plzen, FSB A"]
[Site "?"]
[Date "2004.??.??"]
[Round "7.33"]
[White "Cecil, P."]
[Black "Pech, V."]
[Result "1/2-1/2"]
[WhiteElo "2042"]
[BlackElo "2135"]
[PlyCount "112"]
[EventDate "2004.??.??"]
[Source "ChessBase"]
[SourceDate "1996.11.15"]

1. Nf3 Nf6 2. g3 g6 3. Bg2 Bg7 4. O-O O-O 5. c4 d6 6. Nc3 e5 7. d3 Nc6 8. e4
Nd7 9. Ne1 Nc5 10. Be3 Ne6 11. Qd2 Ncd4 12. Bh6 c6 13. b4 Bxh6 14. Qxh6 f5 15.
exf5 gxf5 16. Qd2 f4 17. Nf3 Nxf3+ 18. Bxf3 Nd4 19. Be4 f3 20. Qh6 Qe7 21. Kh1
Rf6 22. Bxh7+ Qxh7 23. Qxf6 Bh3 24. Rg1 Rf8 25. Qg5+ Kf7 26. Ne4 Ke6 27. Qe3
Kd7 28. Ng5 Qh5 29. g4 Qh4 30. Nxh3 Ne2 31. Qg5 Qxh3 32. Qh5 Nxg1 33. Rxg1 Qxh5
34. gxh5 Rh8 35. Rg5 Ke6 36. h4 d5 37. Kh2 e4 38. cxd5+ cxd5 39. d4 Rc8 40. Kg3
Rc2 41. h6 e3 42. Re5+ Kf6 43. Rxe3 Rxa2 44. h7 Kg7 45. Re7+ Kh8 46. Rxb7 Ra4
47. Kxf3 a5 48. bxa5 Rxa5 49. Kf4 Ra2 50. f3 Rh2 51. Kg5 Rg2+ 52. Kf6 Rg6+ 53.
Ke5 Re6+ 54. Kxd5 Rd6+ 55. Kc5 Rc6+ 56. Kb5 Rc5+ 1/2-1/2

[Event "Plzen, FSB A"]
[Site "?"]
[Date "2004.??.??"]
[Round "7.36"]
[White "Fruehauf, N."]
[Black "Drahorad, D."]
[Result "0-1"]
[WhiteElo "2097"]
[BlackElo "1977"]
[PlyCount "88"]
[EventDate "2004.??.??"]
[Source "ChessBase"]
[SourceDate "1996.11.15"]

1. e4 e6 2. d4 d5 3. Nc3 Bb4 4. e5 b6 5. f4 Ne7 6. a3 Bxc3+ 7. bxc3 Ba6 8. Bxa6
Nxa6 9. Nf3 Qd7 10. a4 Nb8 11. Ba3 Nbc6 12. O-O Na5 13. Bxe7 Qxe7 14. Nd2 g6
15. Qe2 Qd7 16. Rfb1 O-O 17. Qg4 Rac8 18. Qh4 Kg7 19. g4 c5 20. Rf1 Qd8 21. Qh3
cxd4 22. cxd4 Rxc2 23. Nf3 Rh8 24. f5 h5 25. f6+ Kg8 26. g5 Qc7 27. Ne1 Qc3 28.
Qxc3 Rxc3 29. Nf3 Kh7 30. Kf2 Rhc8 31. Rfd1 Rc2+ 32. Ke1 R8c3 33. Nd2 Kg8 34.
Nf1 Kf8 35. Rd2 Ke8 36. Ng3 Rxd2 37. Kxd2 Rxg3 38. hxg3 Nb3+ 39. Kc3 Nxa1 40.
Kb2 Kd7 41. Kxa1 Kc6 42. Kb2 a5 43. Ka3 b5 44. Kb3 bxa4+ 0-1

[Event "Plzen, FSB A"]
[Site "?"]
[Date "2004.??.??"]
[Round "7.37"]
[White "Vladyka, V."]
[Black "Novy, V."]
[Result "0-1"]
[WhiteElo "2048"]
[BlackElo "2093"]
[PlyCount "106"]
[EventDate "2004.??.??"]
[Source "ChessBase"]
[SourceDate "1996.11.15"]

1. e4 c5 2. Nf3 d6 3. d4 cxd4 4. Nxd4 Nf6 5. Nc3 g6 6. Be2 Bg7 7. O-O O-O 8.
Be3 Nc6 9. Qd2 Ng4 10. Bxg4 Bxg4 11. Nxc6 bxc6 12. Bh6 Qb6 13. Bxg7 Kxg7 14. h3
Be6 15. b3 f6 16. Qe3 Qxe3 17. fxe3 a5 18. Ne2 Rab8 19. Rad1 Rb4 20. Rd4 Rb5
21. c4 Re5 22. Nf4 c5 23. Nxe6+ Rxe6 24. Rd3 Rxe4 25. Rf4 Rxf4 26. exf4 Rb8 27.
Kf2 Kf7 28. Kf3 Rb6 29. g4 f5 30. g5 Rb4 31. Ke3 a4 32. Kd2 axb3 33. axb3 Rb7
34. Kc3 Ke6 35. h4 Ra7 36. Kb2 Kf7 37. Rd1 Ra8 38. Re1 h6 39. Rh1 Rh8 40. Rf1
hxg5 41. hxg5 Rh3 42. Kc2 Re3 43. Rf2 e5 44. fxe5 Rxe5 45. Rf3 Re4 46. Rd3 Ke6
47. Kc3 Rg4 48. b4 cxb4+ 49. Kxb4 Rxg5 50. Kb5 f4+ 51. Kb4 Rf5 52. Rd1 f3 53.
Re1+ Kf6 0-1

[Event "Plzen, FSB A"]
[Site "?"]
[Date "2004.??.??"]
[Round "7.38"]
[White "Bukacek, L."]
[Black "Fiala, J."]
[Result "1-0"]
[WhiteElo "2091"]
[BlackElo "1914"]
[PlyCount "55"]
[EventDate "2004.??.??"]
[Source "ChessBase"]
[SourceDate "1996.11.15"]

1. d4 g6 2. e4 Bg7 3. f4 d6 4. Bc4 Nd7 5. Nf3 c5 6. c3 Qc7 7. Bxf7+ Kxf7 8.
Ng5+ Ke8 9. Qb3 c4 10. Ne6 Qb8 11. Qxc4 Bh6 12. Nc7+ Kd8 13. Nxa8 Qxa8 14. O-O
Nb6 15. Qd3 Bd7 16. c4 Qc8 17. b3 Bg7 18. Bb2 e6 19. Nc3 Ne7 20. Ba3 d5 21.
cxd5 exd5 22. Rac1 Qb8 23. e5 Bf5 24. Qb5 Bd7 25. Bxe7+ Kxe7 26. Qc5+ Ke6 27.
g4 Bc6 28. f5+ 1-0

[Event "Plzen, FSB A"]
[Site "?"]
[Date "2004.??.??"]
[Round "7.39"]
[White "Petera, L."]
[Black "Hejl, J."]
[Result "0-1"]
[WhiteElo "1851"]
[BlackElo "2081"]
[PlyCount "62"]
[EventDate "2004.??.??"]
[Source "ChessBase"]
[SourceDate "1996.11.15"]

1. e4 c5 2. Nf3 d6 3. d4 cxd4 4. Nxd4 Nf6 5. Nc3 a6 6. Be2 e6 7. a4 Be7 8. O-O
O-O 9. Be3 Nbd7 10. f4 Qc7 11. Kh1 b6 12. Bd3 Bb7 13. e5 dxe5 14. fxe5 Nxe5 15.
Bf4 Bd6 16. Bxa6 Rxa6 17. Ncb5 Qe7 18. Nf3 Bxf3 19. Qxd6 Qxd6 20. Nxd6 Be2 21.
Bxe5 Bxf1 22. Bxf6 gxf6 23. Rxf1 Rxa4 24. Kg1 Rd8 25. b3 Ra2 26. Nc4 Rxc2 27.
Nxb6 Rdd2 28. Rxf6 Rxg2+ 29. Kf1 Rxh2 30. Kg1 Rcg2+ 31. Kf1 Rb2 0-1

[Event "Plzen, FSB A"]
[Site "?"]
[Date "2004.??.??"]
[Round "7.40"]
[White "Malec, J."]
[Black "Jina, L."]
[Result "0-1"]
[WhiteElo "2097"]
[BlackElo "1943"]
[PlyCount "120"]
[EventDate "2004.??.??"]
[Source "ChessBase"]
[SourceDate "1996.11.15"]

1. d4 Nf6 2. c4 e6 3. a3 Be7 4. Nc3 b6 5. e4 d6 6. f4 Bb7 7. Qc2 O-O 8. Nf3
Nfd7 9. Be3 c5 10. dxc5 dxc5 11. Bd3 Re8 12. O-O Nf8 13. Rad1 Qc8 14. Qf2 Rd8
15. h4 Na6 16. h5 Nc7 17. Nh4 Ne8 18. e5 Bxh4 19. Qxh4 Bc6 20. Rd2 Qc7 21. Rfd1
Rd7 22. h6 g6 23. Be4 Bxe4 24. Nxe4 Qd8 25. Qf2 Qe7 26. Nf6+ Nxf6 27. exf6 Qe8
28. g4 Rad8 29. g5 Rxd2 30. Rxd2 Rxd2 31. Qxd2 Qd7 32. Qc3 Qd6 33. b4 Nd7 34.
Kf2 Kf8 35. Ke2 Ke8 36. Bd2 Qc6 37. Kd1 Qe4 38. b5 Kd8 39. Kc1 e5 40. Qc2 Qd4
41. f5 Qa1+ 42. Qb1 Qxb1+ 43. Kxb1 gxf5 44. Kc2 Kc7 45. Kd3 Kd6 46. Bc3 Nf8 47.
Be1 Ne6 48. Bh4 Nf4+ 49. Kd2 Ng6 50. Be1 Ke6 51. Ke3 Nf4 52. Bg3 Nh3 53. g6
fxg6 54. Bxe5 Ng5 55. Bb8 Kd7 56. a4 Kc8 57. Bf4 Nf7 58. Kf3 g5 59. Bd2 Kd7 60.
a5 Ke6 0-1

[Event "Plzen, FSB A"]
[Site "?"]
[Date "2004.??.??"]
[Round "7.41"]
[White "Ondrejat, M."]
[Black "Svoboda, J."]
[Result "1/2-1/2"]
[WhiteElo "2072"]
[BlackElo "1769"]
[PlyCount "56"]
[EventDate "2004.??.??"]
[Source "ChessBase"]
[SourceDate "1996.11.15"]

1. e4 d6 2. d4 Nf6 3. Nc3 g6 4. f4 Bg7 5. Nf3 Bg4 6. Be3 c6 7. a4 Nbd7 8. e5
Nd5 9. Nxd5 cxd5 10. Be2 Rc8 11. O-O Qb6 12. b3 dxe5 13. fxe5 e6 14. c4 Bxf3
15. Rxf3 O-O 16. a5 Qd8 17. Qd2 dxc4 18. bxc4 f6 19. Rb1 b6 20. axb6 axb6 21.
exf6 Nxf6 22. Qb4 Ng4 23. Rxf8+ Bxf8 24. Qd2 Nxe3 25. Qxe3 Rc6 26. Bg4 e5 27.
Qxe5 Bg7 28. Qe4 Qxd4+ 1/2-1/2

[Event "Plzen, FSB A"]
[Site "?"]
[Date "2004.??.??"]
[Round "7.42"]
[White "van der Veen, R."]
[Black "Spiesberger, G."]
[Result "0-1"]
[WhiteElo "2002"]
[BlackElo "2070"]
[PlyCount "50"]
[EventDate "2004.??.??"]
[Source "ChessBase"]
[SourceDate "1996.11.15"]

1. d4 e6 2. c4 Bb4+ 3. Nd2 f5 4. a3 Bxd2+ 5. Bxd2 Nf6 6. Nf3 O-O 7. e3 d6 8.
Rc1 Nc6 9. Be2 e5 10. dxe5 dxe5 11. Bc3 Qe7 12. O-O Ne4 13. Nxe5 Nxe5 14. Qd5+
Nf7 15. Bb4 c5 16. Ba5 Be6 17. Qd3 b6 18. Be1 Rad8 19. Qc2 Rd7 20. f3 Nf6 21.
Bh4 Rfd8 22. Rf2 Ne5 23. f4 Nd3 24. Bxd3 Rxd3 25. e4 fxe4 0-1

[Event "Plzen, FSB A"]
[Site "?"]
[Date "2004.??.??"]
[Round "7.43"]
[White "Sedlacek, J."]
[Black "Rakous, P."]
[Result "1-0"]
[WhiteElo "2069"]
[BlackElo "1716"]
[PlyCount "95"]
[EventDate "2004.??.??"]
[Source "ChessBase"]
[SourceDate "1996.11.15"]

1. c4 e5 2. Nc3 f5 3. d3 Nf6 4. g3 Bb4 5. Bg2 Bxc3+ 6. bxc3 e4 7. Qc2 O-O 8.
Bg5 h6 9. Bxf6 Qxf6 10. dxe4 fxe4 11. e3 Re8 12. Ne2 Qe5 13. O-O d6 14. Nf4 Na6
15. Rfd1 Bf5 16. Rd5 Qf6 17. h3 g5 18. Nh5 Qf7 19. g4 Bg6 20. Ng3 Nc5 21. Rad1
Rf8 22. R1d4 Rae8 23. Nf5 Bxf5 24. Rxf5 Qe7 25. Rxf8+ Kxf8 26. Rd5 Kg7 27. Qd1
Nd7 28. Rf5 Nf6 29. Qa4 a6 30. h4 gxh4 31. g5 hxg5 32. Rxg5+ Kf7 33. c5 h3 34.
Bxh3 Rh8 35. Bg2 d5 36. c6 bxc6 37. Qxc6 Qd6 38. Qa4 Qh2+ 39. Kf1 Qh4 40. Rg3
Rb8 41. Qc2 Ng4 42. c4 Nh2+ 43. Kg1 Nf3+ 44. Bxf3 exf3 45. Qf5+ Qf6 46. Qh7+
Ke6 47. Rg6 Rb1+ 48. Kh2 1-0

[Event "Plzen, FSB A"]
[Site "?"]
[Date "2004.??.??"]
[Round "7.44"]
[White "Steinhauser, D."]
[Black "Adamek, F."]
[Result "1/2-1/2"]
[WhiteElo "1753"]
[BlackElo "2144"]
[PlyCount "107"]
[EventDate "2004.??.??"]
[Source "ChessBase"]
[SourceDate "1996.11.15"]

1. e4 e6 2. d4 d5 3. e5 c5 4. c3 Nc6 5. Nf3 f5 6. Bg5 Be7 7. Bxe7 Qxe7 8. Be2
Nh6 9. O-O O-O 10. Nbd2 Bd7 11. Nb3 b6 12. Ne1 Rac8 13. f4 Rc7 14. Nf3 Nb8 15.
Qd2 Ba4 16. Rac1 Bxb3 17. axb3 cxd4 18. Nxd4 a6 19. Bf3 Rd8 20. Rfd1 Nf7 21. g4
g6 22. Kh1 Kh8 23. g5 Nc6 24. Nxc6 Rxc6 25. b4 b5 26. Ra1 Qb7 27. Qe2 Rc4 28.
Qe3 Kg7 29. h4 h6 30. gxh6+ Nxh6 31. Kg2 Nf7 32. Kf2 Rh8 33. Rh1 Qe7 34. h5 g5
35. fxg5 Nxg5 36. Rag1 Kh6 37. b3 d4 38. Qxg5+ Qxg5 39. Rxg5 Kxg5 40. bxc4 dxc3
41. cxb5 axb5 42. Ke3 Rc8 43. Rg1+ Kh6 44. Rc1 Rc4 45. Kd3 Rxb4 46. Rxc3 Kg5
47. Ra3 Kf4 48. Be2 Kxe5 49. Kc3 Rh4 50. Ra5 Rh3+ 51. Kd2 Ke4 52. Rxb5 f4 53.
Rb4+ Kf5 54. Ke1 1/2-1/2

[Event "Plzen, FSB A"]
[Site "?"]
[Date "2004.??.??"]
[Round "7.45"]
[White "Pahorecky, J."]
[Black "Hyrs, M."]
[Result "1/2-1/2"]
[WhiteElo "1946"]
[BlackElo "2108"]
[PlyCount "38"]
[EventDate "2004.??.??"]
[Source "ChessBase"]
[SourceDate "1996.11.15"]

1. e4 e5 2. Nf3 Nf6 3. Nxe5 d6 4. Nf3 Nxe4 5. d4 d5 6. Bd3 Be7 7. O-O Bf5 8. c4
dxc4 9. Bxc4 O-O 10. Nc3 Nc6 11. Bf4 Nd6 12. Bd3 Bxd3 13. Qxd3 Nb4 14. Qd2 Nc4
15. Qe2 Nb6 16. Ne4 Re8 17. Rfe1 N6d5 18. Bd2 Nf6 19. Qc4 Nxe4 1/2-1/2

[Event "Plzen, FSB A"]
[Site "?"]
[Date "2004.??.??"]
[Round "7.46"]
[White "Mitterhuemer, G."]
[Black "Reitingerova, I."]
[Result "1-0"]
[WhiteElo "2075"]
[BlackElo "1841"]
[PlyCount "63"]
[EventDate "2004.??.??"]
[Source "ChessBase"]
[SourceDate "1996.11.15"]

1. e4 d6 2. d4 Nf6 3. Nc3 g6 4. f4 Bg7 5. Nf3 c6 6. Bd3 O-O 7. O-O b5 8. h3 b4
9. Ne2 Ba6 10. g4 c5 11. c3 Bxd3 12. Qxd3 a5 13. e5 Nfd7 14. e6 Nb6 15. Ng5 f6
16. Nf7 Qc7 17. h4 Rxf7 18. exf7+ Kxf7 19. f5 N8d7 20. fxg6+ hxg6 21. h5 Nf8
22. Nf4 c4 23. hxg6+ Kg8 24. Qh3 e5 25. Nh5 Qe7 26. g5 Nd5 27. Qg2 e4 28. Bd2
Re8 29. Rf5 Qe6 30. Raf1 Nd7 31. Qh2 Qe7 32. Rxd5 1-0

[Event "Plzen, FSB A"]
[Site "?"]
[Date "2004.??.??"]
[Round "7.47"]
[White "Vinklarek, O."]
[Black "Vlcek, J."]
[Result "1-0"]
[WhiteElo "2044"]
[BlackElo "1976"]
[PlyCount "49"]
[EventDate "2004.??.??"]
[Source "ChessBase"]
[SourceDate "1996.11.15"]

1. e4 c5 2. Nc3 Nc6 3. f4 g6 4. Nf3 Bg7 5. Bc4 e6 6. f5 Nge7 7. fxe6 fxe6 8. d3
d5 9. Bb3 a6 10. Bg5 b5 11. a4 b4 12. exd5 Bxc3+ 13. bxc3 exd5 14. cxb4 cxb4
15. O-O Qd6 16. Qd2 Bf5 17. Rae1 O-O-O 18. Qe3 Rhe8 19. Qb6 a5 20. Qa6+ Kc7 21.
g3 Qc5+ 22. Be3 d4 23. Bf4+ Rd6 24. Ng5 Bc8 25. Ne6+ 1-0

[Event "Plzen, FSB A"]
[Site "?"]
[Date "2004.??.??"]
[Round "7.49"]
[White "Skacel, J."]
[Black "Woudstra, W."]
[Result "1-0"]
[WhiteElo "2103"]
[BlackElo "1781"]
[PlyCount "35"]
[EventDate "2004.??.??"]
[Source "ChessBase"]
[SourceDate "1996.11.15"]

1. e4 c5 2. Nc3 e6 3. Nge2 d5 4. exd5 exd5 5. d4 c4 6. g3 Nf6 7. Bg2 Bb4 8. O-O
Bxc3 9. Nxc3 h6 10. Bf4 O-O 11. Be5 Be6 12. Bxf6 gxf6 13. Qh5 f5 14. Qxh6 Nc6
15. Rad1 Ne7 16. Rfe1 Qb6 17. Qg5+ Kh7 18. Qxe7 1-0

[Event "Plzen, FSB A"]
[Site "?"]
[Date "2004.??.??"]
[Round "7.50"]
[White "Muk, I."]
[Black "Zimmer, C."]
[Result "1-0"]
[WhiteElo "1916"]
[BlackElo "2020"]
[PlyCount "113"]
[EventDate "2004.??.??"]
[Source "ChessBase"]
[SourceDate "1996.11.15"]

1. d4 d5 2. c4 dxc4 3. Nc3 a6 4. a4 e5 5. e3 exd4 6. exd4 Nc6 7. Be3 Na5 8. Nf3
Bb4 9. Nd2 Be6 10. Be2 Nf6 11. O-O h6 12. Bf3 c6 13. Re1 O-O 14. Qc2 Qd7 15.
Rad1 Bf5 16. Qc1 Rfe8 17. Be2 b5 18. b3 cxb3 19. Qb2 Qd6 20. Nxb3 Ba3 21. Qa2
Be6 22. d5 Nxd5 23. Ne4 Qb4 24. Bc5 Qxb3 25. Qxa3 Qxa3 26. Bxa3 Nb7 27. Rc1 Nf4
28. Bf1 Bb3 29. g3 Ng6 30. f4 Bxa4 31. Bg2 Bb3 32. Rxc6 Na5 33. Rc3 f5 34. Bb4
fxe4 35. Bxa5 Bd5 36. Rd1 Bc4 37. Rd6 Nf8 38. Kf2 Rac8 39. Bb4 Ra8 40. Ra3 Nh7
41. Raxa6 Rxa6 42. Rxa6 Nf6 43. Bh3 Bd3 44. Be6+ Kh8 45. h3 Rd8 46. f5 Ne8 47.
Ra7 Nf6 48. Be7 Rb8 49. g4 b4 50. Bb3 Kh7 51. Ke3 Bf1 52. Bxf6 Rg8 53. Bxg8+
Kxg8 54. Rxg7+ Kf8 55. Kxe4 Bxh3 56. Kf4 Bg2 57. Rh7 1-0

[Event "Plzen, FSB A"]
[Site "?"]
[Date "2004.??.??"]
[Round "7.51"]
[White "Vojir jr., V."]
[Black "van Himbergen, H."]
[Result "1-0"]
[WhiteElo "1863"]
[BlackElo "1996"]
[PlyCount "63"]
[EventDate "2004.??.??"]
[Source "ChessBase"]
[SourceDate "1996.11.15"]

1. d4 Nf6 2. Bf4 g6 3. h3 Bg7 4. e3 O-O 5. c3 d6 6. Nf3 Nbd7 7. Nbd2 c5 8. Bc4
a6 9. a4 Rb8 10. dxc5 Nxc5 11. O-O b5 12. axb5 axb5 13. Be2 Qb6 14. Ra3 Bb7 15.
Ne1 e5 16. Bh2 Nfd7 17. Nc2 Na6 18. Qa1 Ndc5 19. Nb3 Rfd8 20. Rd1 b4 21. Nxb4
Nxb4 22. cxb4 Qxb4 23. Nxc5 Qxc5 24. Rc3 Qb6 25. Qa3 d5 26. Rdc1 Bc8 27. Rc6
Qb7 28. Rc7 Qb6 29. R1c6 Qxb2 30. Qxb2 Rxb2 31. Rxc8 Rb1+ 32. Bf1 1-0

[Event "Plzen, FSB A"]
[Site "?"]
[Date "2004.??.??"]
[Round "7.52"]
[White "Voglova, E."]
[Black "Steinhauser, F."]
[Result "0-1"]
[WhiteElo "1988"]
[BlackElo "1775"]
[PlyCount "56"]
[EventDate "2004.??.??"]
[Source "ChessBase"]
[SourceDate "1996.11.15"]

1. d4 d5 2. c4 Nc6 3. Nc3 dxc4 4. d5 Ne5 5. f4 Ng4 6. e4 e5 7. Nf3 Bc5 8. Bxc4
Nf2 9. Qa4+ Bd7 10. Bb5 Nxh1 11. Nxe5 Nf6 12. Nd3 Bb6 13. e5 Bxb5 14. Nxb5 Nd7
15. e6 O-O 16. exd7 Qh4+ 17. g3 Qxh2 18. Qe4 Nf2 19. Qe2 Nxd3+ 20. Qxd3 Bf2+
21. Kd1 Bxg3 22. Nxc7 Rad8 23. Qf5 Qg1+ 24. Kc2 Qc5+ 25. Kd3 Qxc7 26. Qg4 Rxd7
27. Qxg3 Rxd5+ 28. Ke2 Qc2+ 0-1